[Event "Let's Play Chess!"]
[Site "http://www.queenalice.com/game.php?id=474789"]
[Date "2008.10.9"]
[Round "-"]
[White "igorjava"]
[Black "kemihan"]
[Result "1-0"]
[WhiteElo "1843"]
[BlackElo "1327"]

1. e4 d5 2. exd5 Qxd5 3. Nc3 Qe5+ 4. Be2 e6 5. Nf3 Qd6 6. d4 e5 7. Nxe5 c5 8.
Nf3 g6 9. O-O Nc6 10. Bb5 a6 11. Re1+ Be7 12. Bxc6+ bxc6 13. d5 Nf6 14. Bh6 Ng4
15. Bg5 Be6 16. Bxe7 Kxe7 17. dxe6 fxe6 18. h3 Rhf8 19. hxg4 Rf4 20. Ng5 Rxg4
21. Qxg4 Kf8 22. Nxe6+ Kf7 23. Rad1 Qe7 24. Ng5+ Kf8 25. Rxe7 Kxe7 26. Re1+ Kf8
27. Nxh7+ Kg7 28. Re7+ Kh8 29. Qxg6 Rg8 30. Qf6+ 1-0

[Event "Let's Play Chess!"]
[Site "http://www.queenalice.com/game.php?id=486607"]
[Date "2008.11.1"]
[Round "-"]
[White "STALKER"]
[Black "kemihan"]
[Result "1-0"]
[WhiteElo "1100"]
[BlackElo "1418"]

1. e4 Nc6 2. Nc3 e5 3. Bc4 Bc5 4. Nf3 Nd4 5. Nxd4 Bxd4 6. Qh5 Qe7 7. Nd5 Qe6 8.
d3 g6 9. Qf3 c6 10. Nc7+ Kd8 11. Nxe6+ dxe6 12. Bg5+ f6 13. Bxf6+ Nxf6 14. Qxf6+
Kc7 15. Qxh8 b5 16. Qxh7+ Kd6 17. Qxg6 bxc4 18. dxc4 Rb8 19. c3 Bb6 20. Rd1+ Kc5
21. Qg5 Bc7 22. b4+ Kxc4 23. Qg7 Bd6 24. Qxa7 Rb7 25. Qa8 Rc7 26. Rxd6 Kxc3 27.
Rxc6+ Rxc6 28. Qxc6+ Kd3 29. Qxc8 Kxe4 30. O-O Kf5 31. Qc2+ e4 32. Re1 1-0

[Event "Let's Play Chess!"]
[Site "http://www.queenalice.com/game.php?id=486719"]
[Date "2008.11.2"]
[Round "-"]
[White "pont_neuf"]
[Black "kemihan"]
[Result "0-1"]
[WhiteElo "1179"]
[BlackElo "1361"]

1. e4 d5 2. Nc3 Nf6 3. d3 e5 4. Nf3 Nc6 5. Qe2 Nd4 6. Nxd4 exd4 7. Nb5 c6 8.
Nxd4 Bc5 9. Nb3 Bb4+ 10. c3 Bd6 11. d4 dxe4 12. Nd2 Bg4 13. f3 Bf5 14. fxe4 Bg4
15. Nf3 O-O 16. h3 Bg3+ 17. Kd1 Bh5 18. h4 Re8 19. Qe3 Qe7 20. Bd3 b5 21. Rh3
Ng4 22. Qd2 b4 23. cxb4 Nf2+ 24. Kc2 Nxd3 25. Rxg3 Qxe4 26. Qxd3 Re7 27. Nd2 Qe1
28. Re3 Qd1+ 29. Kb1 Rb7 30. Qc2 Qg4 31. Nf3 Bg6 32. Rd3 Bxd3 33. Qxd3 Rxb4 34.
Ng5 Qxh4 35. a3 Rxd4 36. Qf5 Rc4 37. Bd2 h6 38. Qxf7+ Kh8 39. Ka2 Qg3 40. Qg6
Kg8 41. Rc1 Ra4 42. Rc5 Rb8 43. Rf5 Qb3+ 44. Kb1 Qxb2# 0-1

[Event "Challenge"]
[Site "http://www.queenalice.com/game.php?id=486778"]
[Date "2008.11.2"]
[Round "-"]
[White "sika"]
[Black "kemihan"]
[Result "0-1"]
[WhiteElo "991"]
[BlackElo "1155"]

1. e4 d5 2. f3 Nc6 3. Nc3 Nf6 4. exd5 Nxd5 5. Ne4 e5 6. f4 exf4 7. Qh5 g6 8.
Qe5+ Nxe5 9. d4 Bb4+ 10. c3 Nxc3 11. bxc3 Bxc3+ 0-1

[Event "Challenge"]
[Site "http://www.queenalice.com/game.php?id=489198"]
[Date "2008.11.7"]
[Round "-"]
[White "kemihan"]
[Black "fernandocqr"]
[Result "1-0"]
[WhiteElo "1233"]
[BlackElo "1570"]

1. e4 d5 2. Nc3 Nf6 3. d4 dxe4 4. f3 e6 5. fxe4 Nc6 6. Nf3 Bb4 7. a3 Ba5 8. b4
Bb6 9. Bc4 Nxd4 10. O-O Nxf3+ 11. Kh1 Nd4 12. Rf2 e5 13. Bg5 Bg4 14. Qf1 Be6 15.
Bxf6 Bxc4 16. Qxc4 gxf6 17. Nd5 Rc8 18. Nxf6+ Kf8 19. Raf1 Ke7 20. Nd5+ Ke8 21.
Nxb6 Rb8 22. Qxf7# 1-0

[Event "Challenge"]
[Site "http://www.queenalice.com/game.php?id=489212"]
[Date "2008.11.7"]
[Round "-"]
[White "kemihan"]
[Black "fernandocqr"]
[Result "1-0"]
[WhiteElo "1327"]
[BlackElo "1526"]

1. e4 d5 2. Nc3 Nf6 3. d4 dxe4 4. f3 exf3 5. Nxf3 Nc6 6. Bg5 h6 7. Bf4 e6 8. Ne5
Nxd4 9. Bc4 Bb4 10. O-O Bc5 11. Be3 Qd6 12. Ng4 e5 13. Nxf6+ gxf6 14. Qh5 Be6
15. Rxf6 Bxc4 16. Rxd6 Bxd6 17. Ne4 Nxc2 18. Nxd6+ cxd6 19. Rd1 Nxe3 20. Rxd6
Bxa2 21. Qxe5+ Be6 22. Qxh8+ Ke7 23. Qe5 Nc4 24. Rxe6+ fxe6 25. Qc5+ Nd6 26.
Qc7+ Kf6 27. Qxd6 a5 28. Qf4+ Kg7 29. Qc7+ Kg6 30. Qxb7 Rg8 31. Qe4+ Kf7 32. g4
Rg7 33. h3 Ke7 34. Qa4 h5 35. Qd4 Rg6 36. Qc5+ Kf6 37. Qxh5 e5 38. Qh8+ Rg7 39.
Qf8+ Rf7 40. Qh6+ Ke7 41. h4 Rf4 42. g5 Rg4+ 43. Kh2 Rb4 44. g6 Rxb2+ 45. Kh3
Rb3+ 46. Kg4 a4 47. g7 Rb8 48. Qh7 Kf7 49. g8=Q+ Kf6 50. Qgf7# 1-0

[Event "Challenge"]
[Site "http://www.queenalice.com/game.php?id=491237"]
[Date "2008.11.10"]
[Round "-"]
[White "fhazzick"]
[Black "kemihan"]
[Result "1-0"]
[WhiteElo "1747"]
[BlackElo "1382"]

1. e4 d5 2. exd5 Qxd5 3. Nc3 Qd6 4. d4 b6 5. Nf3 Nf6 6. Be2 c5 7. O-O Bb7 8.
dxc5 Qxc5 9. Bb5+ Nbd7 10. Be3 Qc7 11. Re1 a6 12. Ba4 b5 13. Bb3 Ng4 14. Bxf7+
Kxf7 15. Ng5+ Ke8 16. Qxg4 Ne5 17. Bf4 Qc6 18. Rxe5 h5 19. Qh3 Qf6 20. Rd1 Qxf4
21. Qd7# 1-0

[Event "Challenge"]
[Site "http://www.queenalice.com/game.php?id=496694"]
[Date "2008.11.22"]
[Round "-"]
[White "kemihan"]
[Black "fernandocqr"]
[Result "0-1"]
[WhiteElo "1379"]
[BlackElo "1533"]

1. e4 Nf6 2. Nc3 g6 3. d4 Bg7 4. e5 Nh5 5. Nf3 O-O 6. Bc4 e6 7. O-O Bh8 8. d5
Ng7 9. Bg5 Qe8 10. Nb5 d6 11. Nxc7 Qd7 12. Nxa8 h6 13. Bxh6 Qd8 14. Qd4 Kh7 15.
Bg5 Nf5 16. Qxa7 f6 17. exf6 Bxf6 18. h4 Nd7 19. Qa3 Nc5 20. b4 Ne4 21. g4 Ne7
22. Rae1 exd5 23. Bb5 Bxg4 24. c4 Qxa8 25. Qd3 Qxa2 26. Re2 Qa7 27. cxd5 Bf5 28.
Bd7 Nxf2 29. Bxf5 Nxd3+ 30. Be3 Qa6 31. Be6 Nxb4 32. Rh2 Nexd5 33. Bd4 Bxd4+ 34.
Nxd4 Qxf1# 0-1

[Event "Let's Play Chess!"]
[Site "http://www.queenalice.com/game.php?id=496700"]
[Date "2008.11.22"]
[Round "-"]
[White "kemihan"]
[Black "charles31"]
[Result "0-1"]
[WhiteElo "1361"]
[BlackElo "1770"]

1. e4 e5 2. Nf3 d6 3. d4 exd4 4. Qxd4 Nc6 5. Qd1 Bg4 6. h3 Bh5 7. g4 Bg6 8. Qd5
a6 9. Ng5 h6 10. Nf3 Nf6 11. Qb3 Bxe4 12. Nbd2 Bxf3 13. Nxf3 b6 14. Qc3 Qd7 15.
g5 hxg5 16. Nxg5 Be7 17. Qc4 d5 18. Qb3 Bc5 19. Bf4 Na5 20. Qg3 O-O-O 21. Bxa6+
Kb8 22. Bb5 Qe7+ 23. Be5 Bd4 24. O-O-O Bxe5 25. Rde1 Bxg3 26. Rxe7 Bf4+ 27. Kb1
Bxg5 28. Rxf7 Bh6 29. Re1 Rhf8 30. Rfe7 c6 31. Ba6 Rd7 32. b4 Rxe7 33. Rxe7 Nc4
34. Rb7+ Ka8 35. Rc7 Re8 36. a4 Re6 37. Bc8 Rd6 38. Re7 b5 39. axb5 cxb5 40. Rf7
d4 41. Rf8 Ka7 42. Rf7+ Kb8 43. Bb7 d3 44. cxd3 Rxd3 45. Bc6 Rb3+ 46. Ka2 Rxb4
47. f4 Nd6 48. Ka3 Rxf4 49. Rd7 Nc4+ 50. Kb4 Ne5+ 51. Kxb5 Nexd7 0-1

[Event "Let's Play Chess!"]
[Site "http://www.queenalice.com/game.php?id=500571"]
[Date "2008.12.1"]
[Round "-"]
[White "kemihan"]
[Black "mbake5"]
[Result "0-1"]
[WhiteElo "1375"]
[BlackElo "2639"]

1. d4 Nf6 2. c4 e6 3. Nf3 d5 4. e4 dxe4 5. Ne5 Nbd7 6. f4 exf3 7. Qxf3 c5 8.
Nxd7 Bxd7 9. Nc3 cxd4 10. Ne4 Nxe4 11. Qxe4 Bc6 12. Qf4 Bd6 13. Qxd4 Bb4+ 14.
Kd1 Qxd4+ 0-1

[Event "Challenge"]
[Site "http://www.queenalice.com/game.php?id=500976"]
[Date "2008.12.1"]
[Round "-"]
[White "kemihan"]
[Black "bjd75"]
[Result "1-0"]
[WhiteElo "1369"]
[BlackElo "1297"]

1. d4 d5 2. Nf3 e6 3. Nc3 Nf6 4. Bg5 Bb4 5. a3 Be7 6. e3 O-O 7. Bxf6 Bxf6 8. Bd3
Nd7 9. Ne5 Nxe5 10. dxe5 Bxe5 11. Qh5 Bxc3+ 12. bxc3 h6 13. O-O c5 14. e4 dxe4
15. Bxe4 1-0

[Event "Challenge"]
[Site "http://www.queenalice.com/game.php?id=501770"]
[Date "2008.12.2"]
[Round "-"]
[White "kemihan"]
[Black "mandacaru"]
[Result "1-0"]
[WhiteElo "1384"]
[BlackElo "1621"]

1. d4 d5 2. Nc3 e6 3. Bf4 Bb4 4. a3 Bxc3+ 5. bxc3 Nf6 6. c4 dxc4 7. e3 Qd5 8. c3
Ne4 9. Qa4+ c6 10. Bxc4 Nxc3 11. Qb4 Qxg2 12. Bg5 f6 13. Bh4 Qxh1 14. Kd2 Ne4+
15. Kd3 Qxh2 16. Nf3 Qg2 17. Kxe4 Qg4+ 18. Kd3 Qxf3 19. Qe1 Qf5+ 20. Kd2 b5 21.
Bd3 Qh5 22. Qh1 c5 23. dxc5 Qxc5 24. Qxa8 Qe5 25. Qxa7 Qb2+ 26. Bc2 Qxa1 27.
Qxb8 O-O 28. Qh2 Rd8+ 29. Ke2 Qa2 30. Qc7 Qxc2+ 31. Qxc2 g5 32. Bg3 Ba6 33. Qc5
Rc8 34. Qb6 Ra8 35. Qc6 b4+ 36. Kf3 bxa3 37. Qxa8+ Kg7 38. Qxa6 1-0

[Event "Challenge"]
[Site "http://www.queenalice.com/game.php?id=501775"]
[Date "2008.12.2"]
[Round "-"]
[White "kemihan"]
[Black "axando"]
[Result "0-1"]
[WhiteElo "1369"]
[BlackElo "1831"]

1. d4 d5 2. Nc3 Nc6 3. Bf4 Nf6 4. g4 Bxg4 5. f3 Bf5 6. e4 dxe4 7. fxe4 Nxe4 8.
Qd3 Nf2 9. Qxf5 Nxh1 10. O-O-O e6 11. Qe4 Nf2 12. Rd2 Nxe4 13. Nxe4 Qh4 14. Ne2
O-O-O 15. N4c3 Bb4 16. Bg3 Qe7 17. Rd1 Bxc3 18. Nxc3 Rxd4 19. Ne2 Rxd1+ 20. Kxd1
Rd8+ 21. Kc1 Qd7 22. Nc3 Nb4 23. b3 Qd2+ 24. Kb2 Qxc2+ 25. Ka3 Qxc3 0-1

[Event "Second simultan 31"]
[Site "http://www.queenalice.com/game.php?id=501888"]
[Date "2008.12.3"]
[Round "-"]
[White "Gambitshark"]
[Black "kemihan"]
[Result "1-0"]
[WhiteElo "2714"]
[BlackElo "1369"]

1. e4 Nc6 2. d4 d5 3. e5 Bd7 4. c3 Bf5 5. Ne2 Qc8 6. Ng3 Bg6 7. h4 h5 8. Be2 e6
9. Nxh5 f6 10. Nf4 Rh6 11. Nxg6 Rxg6 12. Bh5 Nce7 13. Qg4 f5 14. Bxg6+ Nxg6 15.
Qxg6+ Kd8 16. Bg5+ Be7 17. Qxg7 Kd7 18. Nd2 Qf8 19. Qg6 c5 20. dxc5 Bxc5 21. Nf3
Ne7 22. Qf6 Ng8 23. Qxf8 Rxf8 24. h5 f4 25. h6 Be7 26. h7 Nh6 27. Rxh6 1-0

[Event "Challenge"]
[Site "http://www.queenalice.com/game.php?id=511553"]
[Date "2008.12.23"]
[Round "-"]
[White "kemihan"]
[Black "mandacaru"]
[Result "0-1"]
[WhiteElo "1398"]
[BlackElo "1609"]

1. e4 e5 2. Nf3 d6 3. Bc4 Nf6 4. d3 a6 5. Nc3 b5 6. Bb3 c5 7. Bg5 h6 8. Bh4 g5
9. Bg3 Nh5 10. Nd5 Be6 11. O-O Nxg3 12. fxg3 Bxd5 13. Bxd5 Ra7 14. c3 h5 15.
Nxg5 Qxg5 16. Qb3 Qe3+ 17. Rf2 Qxd3 18. Bxf7+ Kd8 19. Qe6 Be7 20. Qg6 h4 21. Qg7
Rf8 22. gxh4 Qxe4 23. g3 Nd7 24. Qh6 Nf6 25. Bg6 Qg4 26. Raf1 Kc7 27. Bf5 Qg8
28. Qd2 Nh5 29. c4 b4 30. a3 a5 31. Qd1 Bxh4 32. Qxh5 Qh8 33. Qd1 Bg5 34. Qa4
Kb8 35. Qc6 Qh6 36. h4 Be3 37. Qb6+ Rb7 38. Be4 Rxb6 0-1

[Event "Challenge"]
[Site "http://www.queenalice.com/game.php?id=521815"]
[Date "2009.1.13"]
[Round "-"]
[White "Enya"]
[Black "kemihan"]
[Result "1-0"]
[WhiteElo "1332"]
[BlackElo "1410"]

1. h3 e5 2. b3 d5 3. Bb2 Nc6 4. e3 Bc5 5. Nf3 e4 6. Nd4 Qf6 7. Bb5 a6 8. Bxc6+
bxc6 9. Na3 Bb6 10. Rb1 Ne7 11. c4 c5 12. Ne2 d4 13. O-O c6 14. f4 Bc7 15. exd4
Ng6 16. dxc5 Qh4 17. f5 Nf4 18. Nxf4 Bxf4 19. Qe1 Bg3 20. Qe2 O-O 21. Qg4 h5 22.
Qxg7# 1-0